000 00457nam a22001697a 4500
005 20260407163924.0
008 160611b xxu||||| |||| 00| 0 eng d
020 _a0-7069-8510-9
041 _aeng
082 _b6998
100 _aSyal, Pushpinder.
_91725
245 _aStructure and Style in Commonwealth literature.
260 _aNew Delhi
_bVikas Publishing House (P) Ltd.
_c1994
300 _a162
650 _aenglish literature
_98693
942 _cBK
999 _c2433
_d2432